Hindu architecture : (Record no. 104173)

MARC details
000 -LEADER
fixed length control field 00639nam a22001937a 4500
005 - DATE AND TIME OF LATEST TRANSACTION
control field 20161206112632.0
010 ## - LCCN (DPL NO)
LC control number ENG-116281
020 ## - INTERNATIONAL STANDARD BOOK NUMBER
International Standard Book Number 9788180902284
Terms of availability 395.00
035 ## - SYSTEM CONTROL NUMBER
System control number EN-99813
037 ## - SOURCE OF ACQUISITION
Source of stock number/acquisition DBAD/PUB
082 ## - DEWEY DECIMAL CLASSIFICATION NUMBER
Classification number 811
100 ## - MAIN ENTRY--PERSONAL NAME
Personal name Pillai,Govinda Krishna
245 ## - TITLE STATEMENT
Title Hindu architecture :
Statement of responsibility, etc by Govinda Krishna Pillai
Remainder of title (Vastu & silpa sastra )
260 ## - PUBLICATION, DISTRIBUTION, ETC. (IMPRINT)
Place of publication, distribution, etc Delhi
Name of publisher, distributor, etc Bhartiya Kala Prakashan
Date of publication, distribution, etc 2013
270 ## - ADDRESS
Address 3421-A,IInd Floor Narang Colony,Tri Nagar
City Delhi
Postal code 110035
300 ## - PHYSICAL DESCRIPTION
Extent xiv,333p. :
Dimensions 21cm(Hb)
Other physical details ill
500 ## - GENERAL NOTE
General note Includes bibliographical references and Index
942 ## - ADDED ENTRY ELEMENTS (KOHA)
Source of classification or shelving scheme Dewey Decimal Classification
Item type English Books
Classification part 720.954
Call number suffix PIL
Holdings
Withdrawn status Lost status Not for loan Collection code Home library Current library Date acquired Source of acquisition Cost, normal purchase price Full call number Barcode Copy number Cost, replacement price Koha item type
    Not For Loan Non-fiction D.B.Act.Division Bawana 24/10/2016 DBAD/PUB 395.00 720.954 PIL EN-99813 1 395.00 English Books

© Delhi Public Library
Hit Counter
free hit counter